So you want to try organic farming? (Record no. 25473)
[ view plain ]
| 000 -LEADER | |
|---|---|
| fixed length control field | 01108cab a2200289 4500 |
| 001 - CONTROL NUMBER | |
| control field | ABS42980 |
| 008 - FIXED-LENGTH DATA ELEMENTS--GENERAL INFORMATION | |
| fixed length control field | 090401t1990 xxu||||| |||| 00| 0 eng d |
| 035 ## - SYSTEM CONTROL NUMBER | |
| System control number | (Sirsi) u39789 |
| 041 ## - LANGUAGE CODE | |
| Language code of text/sound track or separate title | eng |
| 100 ## - MAIN ENTRY--PERSONAL NAME | |
| Personal name | Beaton, D. |
| 245 ## - TITLE STATEMENT | |
| Title | So you want to try organic farming? |
| 260 ## - PUBLICATION, DISTRIBUTION, ETC. | |
| Date of publication, distribution, etc. | 1990 |
| 350 ## - PRICE (NR) (BK AM CF MU VM SE) [OBSOLETE] | |
| Price | 0 |
| 490 ## - SERIES STATEMENT | |
| Series statement | Farmers' Weekly |
| Volume/sequential designation | 112(22) 1 June 1990, 65-71 |
| 520 ## - SUMMARY, ETC. | |
| Summary, etc. | Two part article examining various aspects of organic farming . The first part reports on the proposed organic extensification scheme , the various organic organisations, co-operative production, the role of Organic Farm Foods , Britain`s largest organic dealer and packer and organic meat production. The second part covers the successes and setbacks of two organic farms, current research , and the market for organic land . |
| 650 ## - SUBJECT ADDED ENTRY--TOPICAL TERM | |
| Topical term or geographic name entry element | ALTERNATIVE LAND USE |
| 650 ## - SUBJECT ADDED ENTRY--TOPICAL TERM | |
| Topical term or geographic name entry element | DIVERSIFICATION |
| 650 ## - SUBJECT ADDED ENTRY--TOPICAL TERM | |
| Topical term or geographic name entry element | VALUES |
| 690 ## - LOCAL SUBJECT ADDED ENTRY--TOPICAL TERM (OCLC, RLIN) | |
| Topical term or geographic name as entry element | RURAL PRACTICE |
| 700 ## - ADDED ENTRY--PERSONAL NAME | |
| Personal name | Blake, A. |
| 700 ## - ADDED ENTRY--PERSONAL NAME | |
| Personal name | Burns, J. |
| 700 ## - ADDED ENTRY--PERSONAL NAME | |
| Personal name | Green, M. |
| 700 ## - ADDED ENTRY--PERSONAL NAME | |
| Personal name | Hillier, C. |
| 700 ## - ADDED ENTRY--PERSONAL NAME | |
| Personal name | Paice, Catherine |
| 942 ## - ADDED ENTRY ELEMENTS (KOHA) | |
| Suppress in OPAC | 0 |
| 948 ## - LOCAL PROCESSING INFORMATION (OCLC); SERIES PART DESIGNATOR (RLIN) | |
| c (OCLC) | 04/03/1997 |
| Withdrawn status | Lost status | Source of classification or shelving scheme | Damaged status | Not for loan | Home library | Current library | Shelving location | Date acquired | Total Checkouts | Full call number | Barcode | Date last seen | Copy number | Price effective from | Koha item type |
|---|---|---|---|---|---|---|---|---|---|---|---|---|---|---|---|
| Dewey Decimal Classification | London | London | Journal article | 14/09/1999 | ABS42980 | 39789-1001 | 06/08/2019 | 1 | 06/08/2019 | Journal article |